[Event "Turniej Niepodleglosci 2022"]
[Site "Warsaw POL"]
[Date "2022.11.11"]
[Round "3.13"]
[White "Mulawa, Cyprian"]
[Black "Kosiorek, Marek"]
[Result "1-0"]
[WhiteElo "2049"]
[BlackElo "2347"]

1. e4 d6 2. Nc3 Nf6 3. g3 c5 4. Bg2 Nc6 5. d3 g6 6. f4 Bg7 7. Nf3 O-O 8.
O-O Rb8 9. h3 Ne8 10. g4 f5 11. exf5 gxf5 12. Ng5 Nf6 13. Nd5 Kh8 14. Qe1
e6 15. Nxe6 Bxe6 16. Qxe6 Nd4 17. Qe7 Qxe7 18. Nxe7 Nxc2 19. Rb1 fxg4 20.
Bd2 Nd4 21. Rbe1 gxh3 22. Bxh3 Rbe8 23. Bc3 Nh5 24. f5 Bf6 25. Nd5 Ne2+ 26.
Kg2 Rg8+ 27. Kh2 Nxc3 28. bxc3 Be5+ 29. Rxe5 Rxe5 30. c4 Ng3 31. Rf2 Re2
32. Rxe2 Nxe2 33. f6 Nd4 34. a4 Nf3+ 1-0

[Event "Turniej Niepodleglosci 2022"]
[Site "Warsaw POL"]
[Date "2022.11.11"]
[Round "3.14"]
[White "Kedzierski, Slawomir"]
[Black "Orzech, Dominik"]
[Result "1-0"]
[WhiteElo "2041"]
[BlackElo "2278"]

1. d4 Nf6 2. Nf3 c5 3. e3 g6 4. Bd3 Bg7 5. O-O O-O 6. c4 cxd4 7. exd4 d5 8.
Nc3 Nc6 9. h3 b6 10. Be3 Bb7 11. Rc1 Rc8 12. a3 dxc4 13. Bxc4 e6 14. Qe2
Ne7 15. Ne5 Nf5 16. Rfd1 Nd5 17. Nxd5 Bxd5 18. Ba6 Rxc1 19. Rxc1 Qh4 20.
Qg4 Qxg4 21. hxg4 Nxe3 22. fxe3 Rd8 23. Nc6 Rd7 24. Nb8 Rd6 25. Rc8+ Bf8
26. Rc7 Bh6 27. Kf2 Be4 28. Nd7 Rc6 29. Rxc6 Bxc6 30. Ne5 Bd5 31. Bc4 Be4
32. Bd3 Bb7 33. Be2 f6 34. Nc4 Bd5 35. Nd6 Kf8 36. Nc8 Ke8 37. Nxa7 Kd7 38.
Nb5 Bf8 39. Nc3 Bb7 40. Bb5+ Kc7 41. Be8 f5 42. gxf5 exf5 43. Bf7 Bc8 44.
Nd5+ Kc6 45. Nf6 f4 46. Nxh7 fxe3+ 47. Kxe3 Bh6+ 48. Kd3 Bf5+ 49. Kc3 Kd6
50. Bc4 Ke7 51. b4 g5 52. Bd3 Bxd3 53. Kxd3 Kf7 54. Nxg5+ Bxg5 55. Kc4 Be3
56. a4 Ke7 57. a5 bxa5 58. bxa5 Kd6 59. g4 Kc6 60. d5+ Kb7 61. Kb5 Bf4 62.
a6+ Ka7 63. Kc6 Kxa6 64. d6 Ka7 65. d7 Bg5 66. Kc7 Bf4+ 67. Kc8 1-0

[Event "Turniej Niepodleglosci 2022"]
[Site "Warsaw POL"]
[Date "2022.11.11"]
[Round "3.15"]
[White "Slomczewski, Michal"]
[Black "Zochowski, Kacper"]
[Result "0-1"]
[WhiteElo "2008"]
[BlackElo "2194"]

1. d4 d6 2. Bg5 Nd7 3. f4 Ngf6 4. Nc3 d5 5. e3 g6 6. Be2 Bg7 7. Nf3 c6 8.
Ne5 Qb6 9. Rb1 O-O 10. b4 Qc7 11. O-O b6 12. Bf3 Bb7 13. Qe2 a6 14. Rfd1 e6
15. Bxf6 Nxf6 16. a4 Ne8 17. a5 b5 18. Na2 f6 19. Nd3 Nd6 20. Nc5 Rae8 21.
Bg4 Bc8 22. c3 e5 23. Bxc8 Qxc8 24. Qf2 Nc4 25. Re1 Re7 26. Nc1 Rff7 27.
N1b3 Re8 28. Nd2 Nd6 29. Qg3 Nf5 30. Qh3 Bf8 31. Ndb3 Bd6 32. Rf1 exf4 33.
exf4 Re3 34. Rf3 Bxf4 35. g4 Rfe7 36. gxf5 Rxf3 37. Qxf3 Qxf5 38. Rf1 g5
39. Nxa6 Re3 40. Qg2 h5 41. Nac5 h4 42. a6 h3 43. Qf2 Qg4+ 44. Kh1 Re2 45.
Qf3 Qxf3+ 46. Rxf3 Re1+ 47. Rf1 Rxf1# 0-1

[Event "Turniej Niepodleglosci 2022"]
[Site "Warsaw POL"]
[Date "2022.11.11"]
[Round "3.16"]
[White "Chylewski, Patryk"]
[Black "Smykalo, Severyn"]
[Result "1-0"]
[WhiteElo "2168"]
[BlackElo "2040"]

1. e4 c6 2. d4 d5 3. exd5 cxd5 4. Bd3 Nc6 5. c3 Qc7 6. Ne2 Bg4 7. O-O e6 8.
Qe1 Bxe2 9. Qxe2 Nf6 10. Nd2 Bd6 11. Nf3 Bf4 12. Re1 O-O 13. g3 Bxc1 14.
Raxc1 Rfc8 15. Kg2 Rab8 16. h4 h6 17. Nd2 Qa5 18. a3 Qb6 19. Rb1 a5 20. g4
Qd8 21. f4 Ne4 22. Bxe4 dxe4 23. g5 f5 24. gxf6 Qxf6 25. Qxe4 Qxh4 26.
Qxe6+ Kh8 27. Nf3 Qxf4 28. d5 Rf8 29. Qe4 Nd8 30. Qxf4 Rxf4 31. Re8+ Kh7
32. Rbe1 Rf5 33. c4 b5 34. cxb5 Rxd5 35. a4 Rb6 36. R1e5 Rg6+ 37. Kf2 Rxe5
38. Nxe5 Rf6+ 39. Ke3 Nb7 40. Kd4 h5 41. Re7 Rd6+ 42. Kc4 Nd8 43. Kc5 Rd2
44. Nc4 Rd1 45. Ne3 Rd2 46. b3 Kg6 47. Nc4 Rd1 48. b6 h4 49. Re3 Kh5 50.
Nxa5 g5 51. b7 Nxb7+ 52. Nxb7 g4 53. Nd6 g3 54. Re2 h3 55. Re5+ Kg4 56. Nf5
Rc1+ 57. Kd4 g2 58. Ne3+ Kh4 59. Nf5+ Kg4 60. Ne3+ Kf3 61. Rf5+ Ke2 62.
Nxg2 hxg2 63. Rg5 g1=Q+ 64. Rxg1 Rxg1 65. a5 Rg5 66. b4 Kd2 67. a6 Kc2 68.
a7 Rg8 69. b5 Kb3 70. b6 1-0

[Event "Turniej Niepodleglosci 2022"]
[Site "Warsaw POL"]
[Date "2022.11.11"]
[Round "3.17"]
[White "Podgorski, Maciej"]
[Black "Kubicka, Anna"]
[Result "1/2-1/2"]
[WhiteElo "1959"]
[BlackElo "2162"]

1. e4 c6 2. d4 d5 3. e5 c5 4. dxc5 e6 5. a3 Bxc5 6. b4 Bb6 7. Nf3 Ne7 8.
Bd3 a5 9. b5 Nd7 10. O-O Ng6 11. Re1 Qc7 12. Qe2 a4 13. Nbd2 Nf4 14. Qf1
Nc5 15. Rb1 Ncxd3 16. cxd3 Qc2 17. Nc4 Qxf2+ 18. Qxf2 Bxf2+ 19. Kxf2 Nxd3+
20. Ke3 dxc4 21. Rd1 Bd7 22. Bd2 O-O 23. Bc3 Rfc8 24. Nd2 Be8 25. Nxc4 Rxc4
26. Rxd3 Rac8 27. Bd4 Rc2 28. Rd2 Rxd2 29. Kxd2 Rd8 30. Ke3 Rd5 31. Rc1 f6
32. exf6 e5 33. Rc8 Kf7 34. Bc3 gxf6 35. Rc7+ Rd7 36. Rxd7+ Bxd7 37. b6 Ke6
38. Be1 Kd5 39. Bh4 f5 40. g3 Bb5 41. Bg5 Bf1 42. h4 Bc4 43. Bd8 Ba2 44.
Be7 Bb1 45. Bg5 Kc4 46. Be7 Kb5 47. Bd8 Kc6 48. Bc7 Kd5 49. Bd8 Kc4 50. Bc7
Kb3 51. Bd6 Kb2 52. Bb4 Kb3 53. Bd6 Bc2 54. Bc5 Kc4 55. Bd6 Kd5 56. Bc7 Kc6
57. Bd8 Bb1 58. Bc7 e4 59. Bd8 Kb5 60. Bc7 Kc4 61. Bd6 Kb3 62. Bb4 Bd3 63.
Bd6 Kc2 64. Bb4 Kd1 65. Bc3 Bb1 66. Bb4 Kc2 67. Bc5 Kb3 68. Bb4 Kc4 69. Bd6
Kd5 70. Bc7 Ke6 71. Bf4 Kf6 72. Bg5+ Kg6 73. Bd8 Kh5 74. Bc7 Kg4 75. Bf4
Bd3 1/2-1/2

[Event "Turniej Niepodleglosci 2022"]
[Site "Warsaw POL"]
[Date "2022.11.11"]
[Round "3.18"]
[White "Bartel, Michal"]
[Black "Jakubowska, Anna"]
[Result "1/2-1/2"]
[WhiteElo "2151"]
[BlackElo "2039"]

1. e4 c6 2. Nc3 d5 3. Qf3 dxe4 4. Nxe4 Nf6 5. Bc4 Nbd7 6. Qb3 Ne5 7. Nxf6+
exf6 8. Be2 Bd6 9. d4 Ng6 10. Nf3 O-O 11. O-O Re8 12. Bc4 Qc7 13. h3 b5 14.
Bd3 Be6 15. Qc3 Bd5 16. Bxg6 hxg6 17. Bd2 b4 18. Qd3 Be4 19. Qb3 Bd5 20.
Qd3 Be4 21. Qb3 Bd5 1/2-1/2

[Event "Turniej Niepodleglosci 2022"]
[Site "Warsaw POL"]
[Date "2022.11.11"]
[Round "3.19"]
[White "Andrejczuk, Beata"]
[Black "Mickiewicz, Piotr"]
[Result "0-1"]
[WhiteElo "1928"]
[BlackElo "2138"]

1. e4 c6 2. Nc3 d5 3. f4 dxe4 4. Nxe4 Nf6 5. Nf2 e6 6. Nf3 Bd6 7. d4 O-O 8.
Bd3 c5 9. c3 Nc6 10. dxc5 Bxc5 11. Ne4 Nxe4 12. Bxe4 Qxd1+ 13. Kxd1 Bd7 14.
Ke2 Rfd8 15. Be3 Bxe3 16. Kxe3 Be8 17. Rad1 b6 18. Rhe1 Kf8 19. Rd2 Rxd2
20. Nxd2 Rd8 21. Nb3 h5 22. Re2 Ke7 23. Nd4 Nxd4 24. cxd4 Rc8 25. d5 exd5
26. Bxd5 Kf6 27. Kf3 Bd7 28. h3 Rc5 29. Be4 Be6 30. b3 Rc3+ 31. Kf2 h4 32.
Bf3 g6 33. Re5 Rc2+ 34. Re2 Rc1 35. Be4 Ra1 36. Ke3 a5 37. Bc6 Rc1 38. Bb5
Bd5 39. Rf2 Rc5 40. Bd3 Rc1 41. f5 g5 42. Kd4 Bb7 43. a4 Ba8 44. Bc4 Rd1+
45. Ke3 Rb1 46. Kd3 Re1 47. Kd4 Re4+ 48. Kc3 Rf4 49. Rd2 Ke5 50. Bxf7 Rxf5
51. Bh5 Kf4 52. Rf2+ Ke5 53. Re2+ Kf6 54. Bg4 Rc5+ 55. Kd4 Rd5+ 56. Kc4 Rd6
57. Rf2+ Kg6 58. Bf5+ Kg7 59. Bg4 Bb7 60. Bh5 Ba6+ 61. Kc3 Rd3+ 62. Kc2 Rd7
63. Bg4 Re7 64. Rd2 Rc7+ 65. Kb2 Rc6 66. Bh5 Kf6 67. Be8 Re6 68. Bd7 Re2
69. Rxe2 Bxe2 70. Bc6 Ke5 71. Kc3 Bf1 72. Bf3 Kf4 73. Kd4 Ba6 74. Bc6 Bf1
75. Bf3 Kg3 76. Kd5 Bxg2 77. Bxg2 Kxg2 78. Kc6 g4 79. Kxb6 gxh3 80. Kxa5 h2
0-1

[Event "Turniej Niepodleglosci 2022"]
[Site "Warsaw POL"]
[Date "2022.11.11"]
[Round "3.20"]
[White "Wisniewski, Michal"]
[Black "Dalkowski, Rafal"]
[Result "1-0"]
[WhiteElo "2130"]
[BlackElo "2030"]

1. Nf3 d5 2. c4 Nf6 3. g3 dxc4 4. Na3 c5 5. Nxc4 b5 6. Nce5 Bb7 7. Qb3 Bd5
8. Qxb5+ Nbd7 9. Nxd7 Nxd7 10. Bg2 e6 11. O-O Bd6 12. d3 O-O 13. e4 Rb8 14.
Qa6 Rb6 15. Qxa7 Bb7 16. Qa5 Qb8 17. Nd2 Rb4 18. Nc4 Bc7 19. Qa3 Ne5 20.
Be3 Nxc4 21. dxc4 Rxc4 22. Rac1 Rxc1 23. Rxc1 c4 24. Rxc4 Rd8 25. Rc1 Be5
26. b4 Qd6 27. Qb3 h5 28. Bf3 h4 29. Rd1 Qb8 30. Rxd8+ Qxd8 31. Kg2 g5 32.
g4 h3+ 33. Kxh3 Kg7 34. Kg2 Kg6 35. Qd1 Qa8 36. Qc2 Qa3 37. b5 f6 38. Qc4
Kf7 39. b6 Ba6 40. Qc2 Qb4 41. Be2 Bb7 42. f3 Bb8 43. Qd2 Qe7 44. a4 Kg6
45. a5 Qh7 46. h3 Qe7 47. a6 Bc6 48. Qc2 Qd6 49. e5+ 1-0

[Event "Turniej Niepodleglosci 2022"]
[Site "Warsaw POL"]
[Date "2022.11.11"]
[Round "4.1"]
[White "Kozak, Antoni"]
[Black "Nasuta, Grzegorz"]
[Result "0-1"]
[WhiteElo "2326"]
[BlackElo "2452"]

1. d4 d5 2. c4 c6 3. e3 Nf6 4. Bd3 e5 5. dxe5 dxc4 6. Be2 Qxd1+ 7. Bxd1
Nfd7 8. Nf3 Nc5 9. Be2 b5 10. Bd2 Nbd7 11. O-O Bb7 12. Ba5 Be7 13. Nbd2 Bd8
14. Bxd8 Rxd8 15. Rfc1 Nxe5 16. b3 Ncd3 17. Bxd3 Nxd3 18. Rc3 cxb3 19. axb3
a6 20. Ne4 O-O 21. Nc5 Nxc5 22. Rxc5 Rd6 23. Nd4 Rfd8 24. b4 Kf8 25. Kf1 g6
26. Ke2 Ke7 27. g4 Kd7 28. h4 Kc7 29. f3 Rd5 30. Rc2 h5 31. g5 Rxd4 32.
exd4 Rxd4 33. Rb2 Rxh4 34. Ke3 Bc8 35. f4 Rh3+ 36. Kd4 Kd6 37. Rd2 Rb3 38.
Ke4+ Kc7 39. Rd4 h4 40. Ke5 h3 41. Kf6 Be6 42. Rh1 Rb2 43. Ke5 0-1

[Event "Turniej Niepodleglosci 2022"]
[Site "Warsaw POL"]
[Date "2022.11.11"]
[Round "4.2"]
[White "Pacan-milej, Kosma"]
[Black "Jakubowski, Krzysztof"]
[Result "1-0"]
[WhiteElo "2302"]
[BlackElo "2404"]

1. d4 Nf6 2. c4 e6 3. Nc3 Bb4 4. e3 b6 5. Ne2 c5 6. a3 Ba5 7. Rb1 Na6 8. g3
Bb7 9. d5 b5 10. b3 exd5 11. Bg2 Ne4 12. Bd2 Nxd2 13. Qxd2 d4 14. Bxb7 dxc3
15. Qc2 Nc7 16. b4 Rb8 17. bxa5 Rxb7 18. Qe4+ Ne6 19. Qxb7 c2 20. Rc1 Qxa5+
21. Kf1 Qd2 22. Qd5 1-0

[Event "Turniej Niepodleglosci 2022"]
[Site "Warsaw POL"]
[Date "2022.11.11"]
[Round "4.3"]
[White "Kowalczyk, Rafal"]
[Black "Kanarek, Marcel"]
[Result "0-1"]
[WhiteElo "2093"]
[BlackElo "2388"]

1. e4 g6 2. d4 Bg7 3. Nc3 a6 4. a4 d6 5. Be3 Nf6 6. h3 O-O 7. g4 e5 8. Nge2
exd4 9. Nxd4 d5 10. e5 Ne4 11. Nxe4 dxe4 12. Bg2 Bxe5 13. O-O Re8 14. c3
Bd6 15. Qd2 Nd7 16. Rae1 Nc5 17. Bg5 f6 18. Bh4 Nxa4 19. Bxe4 Kg7 20. b4 c5
21. Nb3 Be6 22. Qa2 Nxc3 23. Qb2 cxb4 24. Bxb7 Ra7 25. Bg2 Bc4 26. Rxe8
Qxe8 27. Ra1 Qe5 28. Bg3 Ne2+ 0-1

[Event "Turniej Niepodleglosci 2022"]
[Site "Warsaw POL"]
[Date "2022.11.11"]
[Round "4.4"]
[White "Psyk, Radoslaw"]
[Black "Kowalski, Igor"]
[Result "1/2-1/2"]
[WhiteElo "2330"]
[BlackElo "2299"]

1. e4 g6 2. d4 Bg7 3. Nf3 c6 4. c3 d5 5. Nbd2 Bg4 6. Bd3 dxe4 7. Nxe4 Nd7
8. h3 Bxf3 9. Qxf3 Ngf6 10. Nxf6+ Nxf6 11. O-O O-O 12. Re1 Re8 13. Bf4 a5
14. Be5 Nd5 15. Re2 Bxe5 16. Rxe5 e6 17. g3 Qf6 18. Qe2 Rac8 19. Re1 Red8
20. h4 c5 21. dxc5 Rxc5 22. Bc2 Rc7 23. Bb3 Rcd7 24. Qb5 Qf3 25. Bd1 Qf6
26. Bb3 Qf3 27. Bd1 Qf6 28. Ba4 Qf3 29. Qe2 Qxe2 30. R1xe2 Rd6 31. c4 Nb4
32. a3 Nc6 33. Bxc6 Rxc6 34. Rxa5 Rxc4 35. Rb5 Rd7 36. Kg2 Kg7 37. b3 Rc3
38. a4 h5 39. a5 Kf6 40. Re3 Rc2 41. Rb6 Ke7 42. b4 Kd8 43. Ra3 Kc7 44. Rb5
Rdd2 45. Rf3 f5 46. Re5 Kd6 47. Ree3 e5 48. Rd3+ Rxd3 49. Rxd3+ Kc6 50. Rd8
Rb2 51. Rc8+ Kb5 52. Rb8 Rxb4 53. Rxb7+ Kxa5 54. Re7 e4 55. Re6 Rb6 56.
Re5+ Kb4 57. f3 Kc4 58. fxe4 Kd4 59. Rd5+ Kxe4 60. Rd2 Rb3 61. Re2+ Re3 62.
Ra2 Rd3 63. Ra6 Rd2+ 64. Kh3 Kf3 65. Rxg6 Rd1 66. Kh2 Rd2+ 67. Kh3 Rd1
1/2-1/2

[Event "Turniej Niepodleglosci 2022"]
[Site "Warsaw POL"]
[Date "2022.11.11"]
[Round "4.5"]
[White "Piesik, Piotr"]
[Black "Karolczuk, Iwo"]
[Result "1-0"]
[WhiteElo "2376"]
[BlackElo "2245"]

1. Nf3 Nf6 2. g3 g6 3. Bg2 Bg7 4. O-O O-O 5. d4 c6 6. a4 d5 7. c4 Na6 8.
cxd5 cxd5 9. Nc3 Bf5 10. a5 Ne4 11. Qb3 Nxc3 12. bxc3 Be4 13. Qxb7 Qc8 14.
Qxc8 Rfxc8 15. Bd2 Rab8 16. Ra2 Rb3 17. Bh3 e6 18. Ng5 Bf5 19. g4 Bb1 20.
Ra1 Rcb8 21. Rc1 h6 22. Nf3 g5 23. Bf1 Nc7 24. e3 Rb2 25. Be1 f5 26. h3
fxg4 27. hxg4 Bg6 28. c4 Rf8 29. Nd2 Kh8 30. Ra3 e5 31. cxd5 Nxd5 32. Nc4
Rbb8 33. Nxe5 Be8 34. Bg2 Nf6 35. Rac3 h5 36. gxh5 Bxh5 37. Rc7 a6 38. R7c6
Rb2 39. Rxa6 Ng4 40. Nxg4 Bxg4 41. Ra8 1-0

[Event "Turniej Niepodleglosci 2022"]
[Site "Warsaw POL"]
[Date "2022.11.11"]
[Round "4.6"]
[White "Gajewski, Grzegorz"]
[Black "Bebel, Arkadiusz"]
[Result "1-0"]
[WhiteElo "2489"]
[BlackElo "2195"]

1. Nf3 Nf6 2. c4 g6 3. Nc3 Bg7 4. e4 d6 5. d4 O-O 6. Be2 e5 7. O-O exd4 8.
Nxd4 Re8 9. f3 c6 10. Kh1 Nbd7 11. Bg5 Qb6 12. Nb3 a5 13. Na4 Qb4 14. Nc1
Nc5 15. Nxc5 Qxc5 16. Qd2 a4 17. Be3 Qh5 18. Nd3 d5 19. cxd5 cxd5 20. e5
Nd7 21. g4 Qh3 22. Nf2 Qh4 23. Bg5 Bh6 24. Bxh6 Re7 25. e6 Rxe6 26. Bf4 Re5
1-0

[Event "Turniej Niepodleglosci 2022"]
[Site "Warsaw POL"]
[Date "2022.11.11"]
[Round "4.7"]
[White "Kacprzak, Kacper"]
[Black "Bartel, Mateusz"]
[Result "0-1"]
[WhiteElo "2103"]
[BlackElo "2533"]

1. e4 e5 2. Nf3 Nc6 3. Bb5 a6 4. Ba4 Nf6 5. O-O b5 6. Bb3 Bb7 7. Re1 Bc5 8.
c3 d6 9. d4 Bb6 10. a4 h6 11. Be3 Ng4 12. Bc1 O-O 13. h3 Nf6 14. Be3 Na5
15. dxe5 dxe5 16. Bxb6 cxb6 17. Qxd8 Raxd8 18. Bc2 b4 19. cxb4 Nc6 20. Nc3
Nxb4 21. Rac1 Rfe8 22. Bb1 Kf8 23. Rcd1 Rd7 24. Rxd7 Nxd7 25. Nd2 Rc8 26.
Nb3 a5 27. Nb5 Nc5 28. Nxc5 Rxc5 29. Rd1 Ke7 30. Nd6 Bc8 31. Nxc8+ Rxc8 32.
Bd3 Rd8 33. Be2 Rxd1+ 34. Bxd1 Nd3 35. b3 Kd6 36. Be2 Nc1 37. Bc4 f6 38.
Kf1 Kc5 0-1

[Event "Turniej Niepodleglosci 2022"]
[Site "Warsaw POL"]
[Date "2022.11.11"]
[Round "4.8"]
[White "Krasenkow, Michal"]
[Black "Winski, Lukasz"]
[Result "1-0"]
[WhiteElo "2450"]
[BlackElo "2112"]

1. d4 Nf6 2. c4 e6 3. Nf3 d5 4. g3 c5 5. cxd5 Nxd5 6. Bg2 Nc6 7. O-O Be7 8.
dxc5 Bxc5 9. a3 a5 10. Qc2 Qb6 11. Nbd2 O-O 12. e4 Nf6 13. Nc4 Qa6 14. e5
Nd5 15. Ng5 g6 16. Ne4 Be7 17. Bh6 Rd8 18. Rac1 b5 19. Ne3 Nxe5 20. Nxd5
exd5 21. Qc7 Qe6 22. Nc5 Qd6 23. Qxd6 Rxd6 24. Bf4 f6 25. Rfd1 Bg4 26. Rxd5
Rad8 27. Rxd6 Rxd6 28. Ne4 Rd7 29. h3 Be2 30. Rc8+ Kg7 31. Nc3 Bc4 32. Bxe5
fxe5 33. Bc6 Rd2 34. Rc7 Kf8 35. Bxb5 Bxb5 36. Nxb5 Rxb2 37. Nc3 Bxa3 38.
Rxh7 Bb4 39. Ne4 a4 40. Ra7 a3 41. Kg2 Rb3 42. h4 Rd3 1-0

[Event "Turniej Niepodleglosci 2022"]
[Site "Warsaw POL"]
[Date "2022.11.11"]
[Round "4.9"]
[White "Janczarski, Michal"]
[Black "Janeczko, Jakub"]
[Result "0-1"]
[WhiteElo "2401"]
[BlackElo "2105"]

1. c4 e5 2. g3 g6 3. Bg2 Bg7 4. Nc3 d6 5. e3 f5 6. Nge2 Nf6 7. O-O O-O 8.
d3 c6 9. Rb1 Be6 10. b4 d5 11. cxd5 cxd5 12. d4 e4 13. b5 Nbd7 14. Ba3 Re8
15. Qb3 Nb6 16. Bb4 Nc4 17. Rfd1 Rc8 18. Rbc1 Qd7 19. Nf4 Bf7 20. Bf1 g5
21. Nfxd5 Nxd5 22. Bxc4 Rxc4 23. Qxc4 Nxe3 24. Qe2 Nxd1 25. Rxd1 f4 26.
Nxe4 Qd5 27. f3 fxg3 28. Qd2 gxh2+ 29. Kxh2 g4 30. Nd6 Qxf3 31. Nxe8 g3+
32. Kg1 Bd5 0-1

[Event "Turniej Niepodleglosci 2022"]
[Site "Warsaw POL"]
[Date "2022.11.11"]
[Round "4.10"]
[White "Kedzierski, Slawomir"]
[Black "Golubka, Petro"]
[Result "0-1"]
[WhiteElo "2041"]
[BlackElo "2360"]

1. d4 b6 2. Nf3 Bb7 3. c4 e6 4. Nc3 Bb4 5. Bd2 f5 6. e3 Nf6 7. Be2 O-O 8.
O-O a5 9. a3 Bxc3 10. Bxc3 a4 11. Nd2 Nc6 12. Bf3 d5 13. Qc2 Rf7 14. Rac1
Ne7 15. Bb4 Ng6 16. g3 e5 17. dxe5 Nxe5 18. Bg2 c5 19. Bc3 d4 20. Bxb7 dxc3
21. Nf3 Rxb7 22. Nxe5 cxb2 23. Qxb2 Qe7 24. Rfd1 Re8 25. Nd3 g5 26. Qb5 Ra8
27. Rb1 Raa7 28. Qc6 Ne4 29. Rxb6 Rxb6 30. Qxb6 Rd7 31. Nb2 Rxd1+ 32. Nxd1
Qd7 33. Qb1 Qd2 34. Kf1 g4 35. Qb8+ Kf7 36. Qb7+ Kg6 37. Qb6+ Kg5 38. Qb1
h5 39. Qa1 Kg6 40. Qb1 h4 41. Qa1 h3 42. Qb1 Ng5 43. Nb2 Ne4 44. Nd1 Qd6
45. Qc2 Nd2+ 46. Ke2 Nf3 47. Nc3 Nxh2 48. Nd5 Nf3 49. Qxa4 h2 50. Qe8+ Kg7
51. Qh5 Qg6 0-1

[Event "Turniej Niepodleglosci 2022"]
[Site "Warsaw POL"]
[Date "2022.11.11"]
[Round "4.11"]
[White "Kosiorek, Marek"]
[Black "Rozycki, Bartlomiej"]
[Result "1-0"]
[WhiteElo "2347"]
[BlackElo "2096"]

1. c4 e5 2. g3 Nf6 3. Bg2 d5 4. cxd5 Nxd5 5. Nf3 Nc6 6. O-O Be7 7. d3 O-O
8. Nc3 Nb6 9. a3 Re8 10. b4 Bf8 11. Be3 Nd4 12. Bxd4 exd4 13. Nb5 a5 14.
Nbxd4 axb4 15. axb4 Rxa1 16. Qxa1 Bxb4 17. e3 c5 18. Nc2 Qxd3 19. Nxb4 cxb4
20. Qa5 Qd6 21. Rb1 b3 22. Qb5 Be6 23. Qxe8+ 1-0

[Event "Turniej Niepodleglosci 2022"]
[Site "Warsaw POL"]
[Date "2022.11.11"]
[Round "4.12"]
[White "Kacprzak, Karol"]
[Black "Skrzypczak, Piotr"]
[Result "1-0"]
[WhiteElo "2296"]
[BlackElo "2093"]

1. e4 g6 2. d4 Bg7 3. Nf3 d6 4. Nc3 a6 5. a4 Nf6 6. Be2 O-O 7. h3 Nbd7 8.
Be3 c6 9. Nd2 Qc7 10. O-O Rb8 11. a5 c5 12. d5 b5 13. axb6 Rxb6 14. Nc4 Rb4
15. b3 Re8 16. Qd2 Nb6 17. Nxb6 Qxb6 18. Bc4 e6 19. Rad1 exd5 20. Nxd5 Nxd5
21. Bxd5 Qc7 22. Rfe1 Bb7 23. Bf4 Rd4 24. Qc1 Bxd5 25. exd5 Rde4 26. f3
Bd4+ 27. Kh1 Re2 28. Rxe2 Rxe2 29. Re1 Rxe1+ 30. Qxe1 Qd7 31. Qe2 a5 32.
Qa6 Qf5 33. Bh6 f6 34. Qxd6 Kf7 35. Qf8# 1-0

[Event "Turniej Niepodleglosci 2022"]
[Site "Warsaw POL"]
[Date "2022.11.11"]
[Round "4.13"]
[White "Nurkiewicz, Maciej"]
[Black "Golecki, Jan"]
[Result "1-0"]
[WhiteElo "2246"]
[BlackElo "2054"]

1. e4 e5 2. Nf3 Nc6 3. d4 exd4 4. Bc4 Nf6 5. e5 d5 6. Bb5 Ne4 7. Nxd4 Bd7
8. Bxc6 bxc6 9. O-O Bc5 10. f3 Ng5 11. f4 Ne4 12. Be3 O-O 13. Nd2 f5 14.
Nxe4 fxe4 15. Qd2 Bb6 16. Nb3 Qe7 17. a4 g5 18. a5 gxf4 19. Rxf4 Bxe3+ 20.
Qxe3 Qxe5 21. Raf1 Rxf4 22. Rxf4 Qxb2 23. Nc5 Be8 24. Ne6 Bg6 25. Qc5 Bf7
26. Qxc6 Qe5 27. Qxa8+ 1-0

[Event "Turniej Niepodleglosci 2022"]
[Site "Warsaw POL"]
[Date "2022.11.11"]
[Round "4.14"]
[White "Chomczyk, Marek"]
[Black "Jarocka, Liwia"]
[Result "1-0"]
[WhiteElo "2227"]
[BlackElo "1989"]

1. e4 c5 2. Nc3 Nc6 3. Bb5 Nd4 4. Nf3 Nxb5 5. Nxb5 d6 6. d4 a6 7. Nc3 cxd4
8. Qxd4 Nf6 9. Bg5 Bd7 10. e5 dxe5 11. Nxe5 Bc6 12. Nxc6 bxc6 13. Qc4 Qb6
14. O-O-O e6 15. Bxf6 gxf6 16. Ne4 Be7 17. Qc3 Rg8 18. Nxf6+ Bxf6 19. Qxf6
Qa5 20. a3 Qg5+ 21. Qxg5 Rxg5 22. g3 Ke7 23. Rd4 Rd5 24. Rhd1 Rad8 25. c3
e5 26. R4d2 Ke6 27. Kc2 f5 28. c4 Rxd2+ 29. Rxd2 Rc8 30. c5 e4 31. Rd6+ Ke5
32. b4 Rc7 33. Kd2 f4 34. gxf4+ Kxf4 35. Ke2 Ke5 36. Ke3 Rf7 37. Rxc6 Rf3+
38. Ke2 Rxa3 39. Rh6 Rb3 40. Rb6 Rb2+ 41. Ke3 Rb3+ 42. Kd2 Rb2+ 43. Ke3
Rb3+ 44. Ke2 Rb2+ 45. Kf1 e3 46. fxe3 Ke4 47. c6 Kf3 48. Ke1 Kxe3 49. Kd1
Kd3 50. Kc1 Rc2+ 51. Kb1 Rc4 52. Kb2 Kd4 53. Kb3 Rc1 54. Rxa6 Kd5 55. Ra2
Rxc6 56. Rd2+ Ke6 57. b5 Rd6 58. Rc2 Kd7 59. Kb4 Kd8 60. Ka5 Rd1 61. h4 h5
1-0

[Event "Turniej Niepodleglosci 2022"]
[Site "Warsaw POL"]
[Date "2022.11.11"]
[Round "4.15"]
[White "Zochowski, Kacper"]
[Black "Hryszkiewicz, Michal"]
[Result "1-0"]
[WhiteElo "2194"]
[BlackElo "1811"]

1. Nf3 d5 2. c4 e6 3. g3 c6 4. Bg2 Nf6 5. b3 Be7 6. O-O O-O 7. Bb2 b6 8. e3
Nbd7 9. Nc3 Bb7 10. Qe2 Rc8 11. Rac1 c5 12. d3 Qc7 13. h3 Bd6 14. Nb5 Qb8
15. Nxd6 Qxd6 16. Rcd1 e5 17. cxd5 Bxd5 18. g4 h6 19. Nh4 Be6 20. d4 exd4
21. exd4 Rfe8 22. Qd2 cxd4 23. Bxd4 Qc7 24. g5 hxg5 25. Qxg5 Qc2 26. Ba1
Qh7 27. Rfe1 Qh6 28. Qxh6 gxh6 29. Re3 Rc2 30. a4 Rec8 31. Bd4 Rc1 32. Rxc1
Rxc1+ 33. Kh2 Rc2 34. Rf3 Bd5 35. Rg3+ Kf8 36. Bxd5 Nxd5 37. Nf5 N7f6 38.
Rd3 Kg8 39. Nxh6+ Kh7 40. Ng4 Ne4 41. Rf3 Kg6 42. Ne5+ Kg5 43. Nxf7+ Kg6
44. Ne5+ Kh5 45. Ng4 Kg6 46. Ne5+ Kh5 47. Rf5+ Kh6 48. Ng4+ Kg6 49. Rxd5
Nd2 50. Be3 Nxb3 51. Rg5+ Kf7 52. h4 Rc4 53. Ne5+ 1-0

[Event "Turniej Niepodleglosci 2022"]
[Site "Warsaw POL"]
[Date "2022.11.11"]
[Round "4.16"]
[White "Zdybel, Przemyslaw"]
[Black "Chylewski, Patryk"]
[Result "0-1"]
[WhiteElo "1992"]
[BlackElo "2168"]

1. e4 c5 2. Nc3 e6 3. g3 d5 4. exd5 exd5 5. d4 cxd4 6. Qxd4 Be6 7. Bg2 Nc6
8. Qa4 Bb4 9. Bd2 Ne7 10. a3 Ba5 11. Nge2 O-O 12. b4 Bc7 13. O-O d4 14. Ne4
Bc4 15. b5 Bxe2 16. Rfe1 Bg4 17. bxc6 Nxc6 18. Nc5 Ne5 19. Nxb7 Qf6 20. Re4
Nf3+ 21. Kh1 Bh5 22. Bf4 Bb6 23. Bd6 d3 24. Rd1 dxc2 25. Qxc2 Rfc8 26. Qa4
Nd4 27. Rde1 h6 28. Be5 Qc6 29. Rxd4 Qg6 30. Rd2 Re8 31. Nd6 Rxe5 32. Rxe5
Qb1+ 33. Rd1 Bxd1 34. Re1 Bxa4 35. Rxb1 Rd8 36. Nc4 Bxf2 37. Be4 Rd1+ 38.
Rxd1 Bxd1 39. Kg2 Bc5 40. Bd5 Be2 41. Ne5 Bxa3 42. Nxf7 Kf8 43. Kf2 Bh5 44.
Ne5 Bc5+ 45. Kg2 Ke7 46. Be4 Ke6 47. Nd3 Kd6 48. h3 a5 49. g4 Bf7 50. Kf3
a4 51. Nc1 a3 52. Bb1 Ke5 53. Ke2 Kd4 54. Kd2 Bb4+ 55. Kd1 Ke3 56. Na2 Ba5
57. Kc1 Bd2+ 58. Kd1 Bb3+ 59. Bc2 Bxa2 0-1

[Event "Turniej Niepodleglosci 2022"]
[Site "Warsaw POL"]
[Date "2022.11.11"]
[Round "4.17"]
[White "Mickiewicz, Piotr"]
[Black "Staroszczyk, Mateusz"]
[Result "1-0"]
[WhiteElo "2138"]
[BlackElo "1873"]

1. c4 f5 2. b3 Nf6 3. Bb2 e6 4. Nf3 b6 5. g3 Bb7 6. Bg2 Be7 7. O-O O-O 8.
d3 Nc6 9. Nbd2 d6 10. a3 Qd7 11. b4 Rae8 12. Qc2 e5 13. e3 Nd8 14. a4 e4
15. dxe4 Nxe4 16. a5 Bf6 17. a6 Bc6 18. b5 Nxd2 19. Qxd2 Be4 20. Nd4 Bxg2
21. Kxg2 g6 22. Rfd1 Qg7 23. Ra2 Re4 24. Rc1 Rfe8 25. Bc3 Ne6 26. Nc6 Bxc3
27. Qxc3 Qh6 28. Nxa7 Ng5 29. h4 Rxh4 30. gxh4 Qxh4 31. Rh1 Qg4+ 32. Kf1
Qf3 33. Rh4 Ne4 34. Rxe4 Rxe4 35. Ke1 Rh4 36. Re2 Rh1+ 37. Kd2 Qg2 38. Qf6
Qf1 39. Qb2 Qd1+ 40. Kc3 h5 41. Nc6 h4 42. a7 Qa4 43. Kd4 Ra1 44. Kd5 Kf7
45. Rd2 h3 46. Qh8 Rc1 47. Qh7+ Kf8 48. Qh8+ Kf7 49. Qh7+ Kf8 50. a8=R+
Qxa8 51. Qh8+ 1-0

[Event "Turniej Niepodleglosci 2022"]
[Site "Warsaw POL"]
[Date "2022.11.11"]
[Round "4.18"]
[White "Celinski, Kamil"]
[Black "Wisniewski, Michal"]
[Result "0-1"]
[WhiteElo "1860"]
[BlackElo "2130"]

1. e4 Nf6 2. e5 Nd5 3. d4 d6 4. Nf3 g6 5. Bc4 Nb6 6. Bb3 Bg7 7. O-O O-O 8.
Qe2 c5 9. dxc5 dxc5 10. Nc3 Bg4 11. Rd1 Qc7 12. Nd5 Nxd5 13. Bxd5 e6 14.
Be4 Nc6 15. Bxc6 Qxc6 16. Bf4 Rfd8 17. c3 Rd5 18. Rxd5 Qxd5 19. c4 Bxf3 20.
gxf3 Qd4 21. Qe4 Rd8 22. Be3 Qxe4 23. fxe4 Bxe5 24. Bxc5 b6 25. Be3 Bxb2
26. Rb1 Bd4 27. Bg5 f6 28. Bc1 Bc5 29. Bb2 e5 30. Kf1 Rd2 31. f3 Rxh2 0-1